[Event "Lozovatsky Memorial-B 2020"]
[Site "Chelyabinsk"]
[Date "2020.01.18"]
[Round "4.10"]
[White "Somkin, Kirill"]
[Black "Mischuk, Dmitry"]
[Result "0-1"]
[WhiteElo "2121"]
[BlackElo "2358"]
[Annotator "ChessBase"]
[PlyCount "94"]
[EventDate "2020.01.15"]
[EventType "tourn"]
[EventCountry "RUS"]
[SourceTitle "playchess.com"]
[Source "ChessBase"]
[SourceQuality "1"]
[TimeControl "5400+30"]

1. e4 {[%emt 0:00:00]} c5 {[%emt 0:00:15]} 2. Nf3 {[%emt 0:00:00]} d6 {[%emt 0:00:25]} 3. d4 {[%emt 0:00:28]} cxd4 {[%emt 0:00:09]} 4. Qxd4 {[%emt 0:00:20]} Nf6 {[%emt 0:00:53]} 5. Nc3 {[%emt 0:00:23]} Nc6 {[%emt 0:01:01]} 6. Bb5 {[%emt 0:00:12]} Bd7 {[%emt 0:00:24]} 7. Bxc6 {[%emt 0:00:08]} Bxc6 {[%emt 0:00:28]} 8. Bg5 {[%emt 0:01:28]} e6 {[%emt 0:01:27]} 9. O-O-O {[%emt 0:00:41]} Be7 {[%emt 0:00:25]} 10. Qd3 {[%emt 0:01:50]} O-O {[%emt 0:06:22]} 11. Nd4 {[%emt 0:02:23]} Qa5 {[%emt 0:08:11]} 12. h4 {[%emt 0:03:35]} Rfc8 {[%emt 0:01:14]} 13. Kb1 {[%emt 0:03:39]} Rab8 {[%emt 0:09:51]} 14. f4 {[%emt 0:10:50]} b5 {[%emt 0:32:05]} 15. Nd5 {[%emt 0:52:57]} Bxd5 {[%emt 0:14:52]} 16. exd5 {[%emt 0:00:34]} Nxd5 {[%emt 0:00:21]} 17. f5 {[%emt 0:14:03]} b4 {[%emt 0:14:13]} 18. Nb3 {[%emt 0:01:15]} Qc7 {[%emt 0:01:51]} 19. fxe6 {[%emt 0:00:58]} fxe6 {[%emt 0:00:06]} 20. Qe4 {[%emt 0:00:25]} Nf6 {[%emt 0:02:55]} 21. Qxe6+ {[%emt 0:00:18]} Kh8 {[%emt 0:00:06]} 22. Nd4 {[%emt 0:01:29]} Re8 {[%emt 0:01:25]} 23. Qf7 {[%emt 0:01:52]} Bd8 {[%emt 0:00:59]} 24. Qxc7 {[%emt 0:01:19]} Bxc7 {[%emt 0:00:04]} 25. Rhe1 {[%emt 0:00:40]} Ne4 {[%emt 0:01:12]} 26. Bf4 {[%emt 0:00:21]} a5 {[%emt 0:00:44]} 27. Re3 {[%emt 0:00:35]} Rbc8 {[%emt 0:00:53]} 28. Nb5 {[%emt 0:00:44]} Bb6 {[%emt 0:00:18]} 29. Re2 {[%emt 0:00:25]} Bc5 {[%emt 0:00:15]} 30. Rde1 {[%emt 0:00:15]} Bf2 {[%emt 0:00:37]} 31. Rf1 {[%emt 0:00:48]} Bxh4 {[%emt 0:00:28]} 32. Kc1 {[%emt 0:00:31]} d5 {[%emt 0:00:13]} 33. Nc7 {[%emt 0:00:32]} Rf8 {[%emt 0:00:19]} 34. Nxd5 {[%emt 0:00:26]} Ng3 {[%emt 0:00:06]} 35. Rfe1 {[%emt 0:00:34]} Nxe2+ {[%emt 0:00:17]} 36. Rxe2 {[%emt 0:00:00]} Rce8 {[%emt 0:00:31]} 37. Rxe8 {[%emt 0:00:40]} Rxe8 {[%emt 0:00:04]} 38. Bc7 {[%emt 0:00:37]} Bd8 {[%emt 0:00:10]} 39. Bxd8 {[%emt 0:00:15]} Rxd8 {[%emt 0:00:04]} 40. Ne3 {[%emt 0:00:19]} Kg8 {[%emt 0:00:24]} 41. Nc4 {[%emt 0:00:20]} Rd5 {[%emt 0:00:18]} 42. Ne3 {[%emt 0:00:14]} Rd4 {[%emt 0:00:25]} 43. c3 {[%emt 0:00:31]} bxc3 {[%emt 0:00:06]} 44. bxc3 {[%emt 0:00:00]} Rd3 {[%emt 0:00:08]} 45. Nd1 {[%emt 0:00:02]} Rg3 {[%emt 0:00:04]} 46. Kb2 {[%emt 0:00:24]} Rxg2+ {[%emt 0:00:05]} 47. Kb3 {[%emt 0:00:01]} h5 {[%emt 0:00:07]} 0-1

[Event "Lozovatsky Memorial-B 2020"]
[Site "Chelyabinsk"]
[Date "2020.01.19"]
[Round "5.6"]
[White "Mischuk, Dmitry"]
[Black "Frolov, Artiom"]
[Result "1-0"]
[WhiteElo "2358"]
[BlackElo "2336"]
[Annotator "NA"]
[PlyCount "101"]
[EventDate "2020.01.15"]
[EventType "tourn"]
[EventCountry "RUS"]
[SourceTitle "playchess.com"]
[Source "ChessBase"]
[SourceQuality "1"]
[TimeControl "5400+30"]

1. e4 {[%emt 0:00:00]} g6 {[%emt 0:13:03]} 2. d4 {[%emt 0:00:00]} Bg7 {[%emt 0:00:21]} 3. Nf3 {[%emt 0:00:12]} d6 {[%emt 0:05:41]} 4. Bc4 {[%emt 0:01:44]} e6 {[%emt 0:02:25]} 5. Qe2 {[%emt 0:05:49]} Ne7 $14 {[%emt 0:06:12]} 6. O-O {[%emt 0:03:54]} b6 {[%emt 0:02:43]} 7. Rd1 {[%emt 0:04:42]} O-O {[%emt 0:01:09]} 8. c3 {[%emt 0:00:45]} Bb7 {[%emt 0:06:20]} 9. Nbd2 {[%emt 0:01:29]} a6 {[%emt 0:01:13]} 10. a4 {[%emt 0:00:53]} Nd7 {[%emt 0:03:30]} 11. Nf1 {[%emt 0:05:49]} Qe8 {[%emt 0:12:12]} 12. Ng3 {[%emt 0:01:35]} Kh8 {[%emt 0:03:26]} 13. Bb3 {[%emt 0:18:03]} Ng8 {[%emt 0:07:49]} 14. Bd2 {[%emt 0:03:13]} Qe7 {[%emt 0:03:43]} 15. Re1 {[%emt 0:06:09]} Rae8 {[%emt 0:15:28]} 16. Bg5 {[%emt 0:03:34]} f6 {[%emt 0:00:22]} 17. Bd2 {[%emt 0:00:17]} e5 {[%emt 0:01:00]} 18. Rad1 {[%emt 0:03:57]} Nb8 {[%emt 0:04:01]} 19. h3 {[%emt 0:03:17]} Bc8 {[%emt 0:00:24]} 20. Bc4 {[%emt 0:01:21]} Be6 {[%emt 0:01:29]} 21. b4 {[%emt 0:04:33]} Qf7 {[%emt 0:02:14]} 22. Bxe6 {[%emt 0:00:48]} Qxe6 {[%emt 0:00:02]} 23. d5 {[%emt 0:01:21]} Qc8 {[%emt 0:01:15]} 24. c4 {[%emt 0:00:35]} Nd7 {[%emt 0:02:25]} 25. Ra1 {[%emt 0:06:41]} Bh6 {[%emt 0:01:54]} 26. a5 {[%emt 0:00:17]} Bxd2 {[%emt 0:00:39]} 27. Nxd2 {[%emt 0:01:12]} f5 {[%emt 0:00:19]} 28. exf5 {[%emt 0:00:47]} gxf5 {[%emt 0:00:08]} 29. Qd3 {[%emt 0:04:08]} Ne7 {[%emt 0:00:44]} 30. Nf3 {[%emt 0:01:03]} Rf6 {[%emt 0:00:58]} 31. Qc3 {[%emt 0:01:30]} Rg8 {[%emt 0:00:21]} 32. Nh5 {[%emt 0:06:52]} Rfg6 {[%emt 0:00:18]} 33. Nf4 {[%emt 0:00:07]} R6g7 {[%emt 0:00:15]} 34. Nh4 {[%emt 0:02:51]} Nf6 {[%emt 0:00:55]} 35. Qb2 {[%emt 0:01:13]} Ne4 {[%emt 0:00:34]} 36. Ne6 {[%emt 0:00:21]} Ng5 {[%emt 0:01:22]} 37. Nxg5 {[%emt 0:00:59]} Rxg5 {[%emt 0:00:03]} 38. f4 {[%emt 0:00:04]} R5g7 {[%emt 0:01:16]} 39. fxe5 {[%emt 0:00:06]} Qf8 {[%emt 0:00:43]} 40. axb6 {[%emt 0:01:04]} dxe5 {[%emt 0:00:19]} 41. Qxe5 {[%emt 0:00:45]} cxb6 {[%emt 0:00:33]} 42. Rxa6 {[%emt 0:00:17]} Qc8 {[%emt 0:00:39]} 43. Ra7 {[%emt 0:00:28]} Qxc4 {[%emt 0:00:16]} 44. Rxe7 {[%emt 0:01:48]} Qxh4 {[%emt 0:00:02]} 45. d6 {[%emt 0:00:38]} f4 {[%emt 0:01:14]} 46. d7 {[%emt 0:00:46]} f3 {[%emt 0:00:15]} 47. Qxg7+ {[%emt 0:00:12]} Rxg7 {[%emt 0:00:27]} 48. d8=Q+ {[%emt 0:00:03]} Rg8 {[%emt 0:00:15]} 49. Rxh7+ {[%emt 0:01:26]} Qxh7 {[%emt 0:00:18]} 50. Qf6+ {[%emt 0:00:23]} Qg7 {[%emt 0:01:11]} 51. Qxf3 {[%emt 0:00:21]} 1-0

[Event "Lozovatsky Memorial-B 2020"]
[Site "Chelyabinsk"]
[Date "2020.01.19"]
[Round "5.7"]
[White "Scherbakov, Mikhail"]
[Black "Somkin, Kirill"]
[Result "0-1"]
[WhiteElo "2232"]
[BlackElo "2121"]
[Annotator "NA"]
[PlyCount "57"]
[EventDate "2020.01.15"]
[EventType "tourn"]
[EventCountry "RUS"]
[SourceTitle "playchess.com"]
[Source "ChessBase"]
[SourceQuality "1"]
[TimeControl "5400+30"]

1. e4 {[%emt 0:00:00]} e5 {[%emt 0:01:39]} 2. Nf3 {[%emt 0:00:04]} Nc6 {[%emt 0:00:11]} 3. Bb5 {[%emt 0:00:29]} a6 {[%emt 0:00:34]} 4. Ba4 {[%emt 0:00:33]} b5 {[%emt 0:00:27]} 5. Bb3 {[%emt 0:00:09]} Na5 {[%emt 0:00:33]} 6. Bxf7+ {[%emt 0:08:17]} Kxf7 {[%emt 0:00:07]} 7. Nxe5+ {[%emt 0:00:06]} Ke7 {[%emt 0:00:09]} 8. d4 {[%emt 0:01:49]} d6 {[%emt 0:00:26]} 9. Bg5+ {[%emt 0:06:47]} Nf6 {[%emt 0:00:08]} 10. Nc3 {[%emt 0:02:04]} Bb7 {[%emt 0:13:47]} 11. Qf3 {[%emt 0:06:55]} Qe8 {[%emt 0:11:58]} 12. O-O-O {[%emt 0:05:16]} Kd8 {[%emt 0:07:23]} 13. Bxf6+ {[%emt 0:01:52]} gxf6 {[%emt 0:01:18]} 14. Qxf6+ {[%emt 0:00:09]} Kc8 {[%emt 0:00:18]} 15. f4 {[%emt 0:05:05]} Be7 {[%emt 0:12:26]} 16. Qf5+ {[%emt 0:01:53]} Kb8 {[%emt 0:00:07]} 17. Nd7+ {[%emt 0:07:19]} Ka7 {[%emt 0:00:22]} 18. Nxb5+ {[%emt 0:02:49]} axb5 {[%emt 0:00:11]} 19. Qxb5 {[%emt 0:00:08]} Ba6 {[%emt 0:05:12]} 20. Qxa5 {[%emt 0:01:37]} Qxd7 {[%emt 0:00:44]} 21. h3 {[%emt 0:11:56]} Rhb8 {[%emt 0:07:26]} 22. Rhe1 {[%emt 0:09:27]} d5 {[%emt 0:12:53]} 23. Qxd5 {[%emt 0:00:19]} Qa4 {[%emt 0:01:24]} 24. Re3 {[%emt 0:03:31]} Bc4 {[%emt 0:01:01]} 25. Qe5 {[%emt 0:00:19]} Bd6 {[%emt 0:00:35]} 26. Qg7 {[%emt 0:03:24]} Bxf4 {[%emt 0:04:04]} 27. Rde1 {[%emt 0:02:57]} Rg8 {[%emt 0:01:32]} 28. Qf6 {[%emt 0:01:22]} Rxg2 {[%emt 0:01:09]} 29. Qg7 0-1

[Event "Lozovatsky Memorial-B 2020"]
[Site "Chelyabinsk"]
[Date "2020.01.19"]
[Round "5.8"]
[White "Ansat, Aldiyar"]
[Black "Nugumanov, Bakhtiyar"]
[Result "1-0"]
[WhiteElo "2263"]
[BlackElo "2389"]
[Annotator "NA"]
[PlyCount "117"]
[EventDate "2020.01.15"]
[EventType "tourn"]
[EventCountry "RUS"]
[SourceTitle "playchess.com"]
[Source "ChessBase"]
[SourceQuality "1"]
[TimeControl "5400+30"]

1. e4 e5 2. Nf3 Nc6 3. Bb5 a6 4. Ba4 d6 5. c3 Bd7 6. O-O g6 7. d4 Bg7 8. h3 Nf6 9. Re1 O-O 10. Nbd2 Re8 11. Bc2 b5 12. Nf1 $14 exd4 13. cxd4 Bc8 14. Ng3 Bb7 15. Bg5 Nb4 16. Bb1 c5 17. Qd2 {[%emt 1:04:57]} Nc6 {[%emt 0:46:32]} 18. Bc2 {[%emt 0:07:03]} Nxd4 {[%emt 0:03:54]} 19. Nxd4 {[%emt 0:01:17]} cxd4 {[%emt 0:00:09]} 20. Qf4 {[%emt 0:08:57]} Rc8 {[%emt 0:03:54]} 21. Bb3 {[%emt 0:02:23]} Re5 {[%emt 0:05:04]} 22. Rad1 {[%emt 0:06:08]} Rcc5 {[%emt 0:06:26]} 23. h4 {[%emt 0:02:03]} Qe7 {[%emt 0:04:19]} 24. Rxd4 {[%emt 0:04:17]} h5 {[%emt 0:11:21]} 25. Red1 {[%emt 0:01:10]} Rxg5 {[%emt 0:01:06]} 26. hxg5 {[%emt 0:00:30]} Ne8 {[%emt 0:00:29]} 27. R4d2 {[%emt 0:03:11]} Be5 {[%emt 0:05:50]} 28. Qh4 {[%emt 0:00:45]} Bxg3 {[%emt 0:01:19]} 29. Qxg3 {[%emt 0:00:06]} Rxg5 {[%emt 0:01:34]} 30. Qe3 {[%emt 0:00:06]} Re5 {[%emt 0:03:21]} 31. f3 {[%emt 0:01:19]} h4 {[%emt 0:02:11]} 32. Qh6 {[%emt 0:01:03]} Rg5 {[%emt 0:00:50]} 33. Kf2 {[%emt 0:00:40]} Qe5 {[%emt 0:01:09]} 34. Qxh4 {[%emt 0:00:29]} Qc5+ {[%emt 0:01:58]} 35. Kf1 {[%emt 0:00:19]} Kg7 {[%emt 0:04:28]} 36. Qf4 {[%emt 0:00:20]} f6 {[%emt 0:01:01]} 37. Rc2 {[%emt 0:00:24]} Qb6 {[%emt 0:00:24]} 38. Be6 {[%emt 0:00:38]} Rh5 {[%emt 0:00:34]} 39. Ke2 {[%emt 0:00:33]} Rg5 {[%emt 0:00:56]} 40. Bg4 {[%emt 0:00:27]} d5 {[%emt 0:00:24]} 41. Qe3 {[%emt 0:00:49]} Qd8 {[%emt 0:00:37]} 42. Kf1 {[%emt 0:00:20]} Nd6 {[%emt 0:00:23]} 43. Qf4 {[%emt 0:00:29]} Re5 {[%emt 0:00:25]} 44. exd5 {[%emt 0:00:23]} g5 {[%emt 0:00:36]} 45. Qb4 {[%emt 0:00:25]} a5 {[%emt 0:00:44]} 46. Qc5 {[%emt 0:00:31]} Kg6 {[%emt 0:00:24]} 47. Qc7 {[%emt 0:00:37]} Qf8 {[%emt 0:00:34]} 48. Be6 {[%emt 0:00:25]} b4 {[%emt 0:00:27]} 49. Kg1 {[%emt 0:00:30]} a4 {[%emt 0:00:34]} 50. Qb6 {[%emt 0:00:34]} g4 {[%emt 0:00:30]} 51. Bxg4 {[%emt 0:00:27]} Bxd5 {[%emt 0:00:32]} 52. f4 {[%emt 0:00:36]} b3 {[%emt 0:00:28]} 53. axb3 axb3 {[%emt 0:00:13]} 54. Rc3 {[%emt 0:00:56]} Re8 {[%emt 0:00:35]} 55. Rxd5 {[%emt 0:00:48]} Ne4 {[%emt 0:00:43]} 56. Bf5+ {[%emt 0:00:23]} Kg7 {[%emt 0:00:09]} 57. Rd7+ {[%emt 0:00:12]} Re7 {[%emt 0:00:15]} 58. Rxe7+ {[%emt 0:00:05]} Qxe7 {[%emt 0:00:01]} 59. Rc7 {[%emt 0:00:07]} 1-0

[Event "Lozovatsky Memorial-B 2020"]
[Site "Chelyabinsk"]
[Date "2020.01.19"]
[Round "5.9"]
[White "Sitnikov, Anton"]
[Black "Simantsev, Mikhail"]
[Result "1/2-1/2"]
[WhiteElo "2406"]
[BlackElo "2370"]
[Annotator "ChessBase"]
[PlyCount "20"]
[EventDate "2020.01.15"]
[EventType "tourn"]
[EventCountry "RUS"]
[SourceTitle "playchess.com"]
[Source "ChessBase"]
[SourceQuality "1"]
[TimeControl "5400+30"]

1. e4 {[%emt 0:02:35]} e5 {[%emt 0:00:00]} 2. Nf3 {[%emt 0:00:08]} Nc6 {[%emt 0:00:00]} 3. Nc3 {[%emt 0:00:07]} Nf6 {[%emt 0:00:00]} 4. Bb5 {[%emt 0:00:04]} Bb4 {[%emt 0:00:00]} 5. O-O {[%emt 0:00:06]} O-O {[%emt 0:00:00]} 6. d3 {[%emt 0:00:07]} d6 {[%emt 0:00:00]} 7. Ne2 {[%emt 0:00:05]} Ne7 {[%emt 0:00:07]} 8. c3 {[%emt 0:00:05]} Bc5 {[%emt 0:00:11]} 9. Ng3 {[%emt 0:00:07]} Ng6 {[%emt 0:00:05]} 10. h3 {[%emt 0:00:08]} h6 {[%emt 0:00:04]} 1/2-1/2

[Event "Lozovatsky Memorial-B 2020"]
[Site "Chelyabinsk"]
[Date "2020.01.19"]
[Round "5.10"]
[White "Tsvetkov, Pavel"]
[Black "Tologontegin, Semetey"]
[Result "1/2-1/2"]
[WhiteElo "2190"]
[BlackElo "2355"]
[Annotator "NA"]
[PlyCount "82"]
[EventDate "2020.01.15"]
[EventType "tourn"]
[EventCountry "RUS"]
[SourceTitle "playchess.com"]
[Source "ChessBase"]
[SourceQuality "1"]
[TimeControl "5400+30"]

1. e4 {[%emt 0:00:00]} c5 {[%emt 0:06:32]} 2. Nf3 {[%emt 0:00:00]} Nc6 {[%emt 0:00:03]} 3. Bb5 {[%emt 0:00:00]} d6 {[%emt 0:00:11]} 4. d4 {[%emt 0:00:00]} cxd4 {[%emt 0:00:04]} 5. Qxd4 {[%emt 0:00:00]} a6 {[%emt 0:00:05]} 6. Bxc6+ {[%emt 0:00:06]} bxc6 {[%emt 0:00:03]} 7. c4 {[%emt 0:02:18]} e5 {[%emt 0:00:07]} 8. Qd3 {[%emt 0:00:28]} Qc7 {[%emt 0:00:08]} 9. Nc3 {[%emt 0:03:10]} Be7 {[%emt 0:02:53]} 10. Bg5 {[%emt 0:16:13]} Bg4 {[%emt 0:14:09]} 11. Bxe7 $11 {[%emt 0:00:59]} Nxe7 {[%emt 0:00:05]} 12. Rd1 {[%emt 0:05:17]} Rd8 {[%emt 0:02:52]} 13. h3 {[%emt 0:33:24]} Bxf3 {[%emt 0:36:33]} 14. Qxf3 {[%emt 0:00:02]} O-O {[%emt 0:00:07]} 15. O-O {[%emt 0:14:15]} f5 {[%emt 0:00:23]} 16. Qe2 {[%emt 0:00:11]} fxe4 {[%emt 0:08:47]} 17. Nxe4 {[%emt 0:06:11]} Nf5 {[%emt 0:00:49]} 18. b4 {[%emt 0:00:27]} a5 {[%emt 0:09:39]} 19. a3 {[%emt 0:01:20]} axb4 {[%emt 0:00:26]} 20. axb4 {[%emt 0:00:01]} Rb8 {[%emt 0:00:48]} 21. Rb1 {[%emt 0:03:54]} Nd4 {[%emt 0:02:09]} 22. Qd3 {[%emt 0:00:02]} Qe7 {[%emt 0:06:56]} 23. Rfe1 {[%emt 0:05:30]} Rf4 {[%emt 0:00:47]} 24. b5 {[%emt 0:00:04]} cxb5 {[%emt 0:01:12]} 25. cxb5 {[%emt 0:00:06]} d5 {[%emt 0:00:50]} 26. Ng3 {[%emt 0:00:25]} Rb6 {[%emt 0:04:24]} 27. Qe3 {[%emt 0:04:01]} Re6 {[%emt 0:00:11]} 28. b6 {[%emt 0:00:11]} Qb7 {[%emt 0:00:04]} 29. Rec1 {[%emt 0:01:44]} Rf7 {[%emt 0:00:04]} 30. Rc5 {[%emt 0:01:45]} h6 {[%emt 0:00:42]} 31. Ra5 {[%emt 0:01:37]} Rxb6 {[%emt 0:02:49]} 32. Rxb6 {[%emt 0:00:06]} Qxb6 {[%emt 0:00:03]} 33. Rxd5 {[%emt 0:00:15]} Qb1+ {[%emt 0:00:30]} 34. Kh2 {[%emt 0:00:04]} Qc2 {[%emt 0:00:36]} 35. Qxe5 {[%emt 0:01:10]} Nf3+ {[%emt 0:00:44]} 36. gxf3 {[%emt 0:00:11]} Qxf2+ {[%emt 0:00:02]} 37. Kh1 {[%emt 0:00:08]} Qxf3+ {[%emt 0:00:02]} 38. Kg1 {[%emt 0:00:31]} Qf2+ {[%emt 0:00:03]} 39. Kh1 {[%emt 0:00:05]} Qf3+ {[%emt 0:00:01]} 40. Kg1 {[%emt 0:00:08]} Qf2+ {[%emt 0:02:31]} 41. Kh1 {[%emt 0:00:09]} Qf3+ {[%emt 0:00:28]} 1/2-1/2

[Event "Lozovatsky Memorial-B 2020"]
[Site "Chelyabinsk"]
[Date "2020.01.20"]
[Round "6.6"]
[White "Frolov, Artiom"]
[Black "Tologontegin, Semetey"]
[Result "1/2-1/2"]
[WhiteElo "2336"]
[BlackElo "2355"]
[Annotator "TA"]
[PlyCount "159"]
[EventDate "2020.01.15"]
[EventType "tourn"]
[EventCountry "RUS"]
[SourceTitle "playchess.com"]
[Source "ChessBase"]
[SourceQuality "1"]

{[%evp 19,159,16,21,12,24,8,6,-5,0,-26,-8,-50,0,0,0,-8,12,0,10,0,9,0,0,0,0,0,0,0,0,0,0,0,0,0,0,0,15,25,36,0,0,0,0,0,0,0,0,0,0,0,0,0,0,0,0,0,0,0,0,0,0,0,0,-10,0,0,0,0,0,0,0,0,0,0,0,0,0,0,0,0,0,0,0,0,0,0,0,0,0,0,0,0,0,0,0,0,0,0,0,0,0,0,0,0,0,0,0,0,0,0,0,0,0,0,0,0,0,0,0,0,0,0,0,0,0,0,0,0,0,0,0,0,0,0,0,0,0,0,0,0,0,0]} 1. c4 e6 2. Nc3 d5 3. d4 Nf6 4. cxd5 exd5 5. Bg5 Nbd7 6. e3 c6 7. Bd3 Be7 8. Qc2 Nh5 9. Bxe7 Qxe7 10. Nge2 g6 11. h3 {D36: Queen's Gambit Declined: Exchange Variation: Main line (5 Bg5 c6 6 Qc2)} Nb6 12. O-O-O Ng7 13. Ng3 Be6 {[#]} 14. Na4 $146 ({Predecessor:} 14. Kb1 O-O-O 15. f3 Kb8 16. Qf2 c5 17. dxc5 Qxc5 18. Nge2 Bd7 {1-0 (54) Istratescu,A (2630)-Banusz,T (2585) Dubai 2015}) 14... h5 15. h4 O-O-O 16. Nc5 Kb8 17. Kb1 Ne8 18. Rc1 Nd6 19. Ka1 Rhe8 20. Ne2 Bf5 21. b3 Qf6 22. Nf4 Bxd3 23. Nfxd3 Ne4 24. Nxe4 dxe4 25. Nc5 Qe7 26. g3 Rd6 27. Qb2 Qf6 28. b4 Nd7 29. Nxd7+ Rxd7 {The position is equal.} 30. b5 cxb5 31. Qxb5 Ree7 32. Rc2 a6 33. Qb4 (33. Qa5 {feels hotter.} Rc7 34. Rhc1 Rxc2 35. Rxc2 Qd6 36. Kb1) 33... Qd6 34. Rb1 (34. a3 {with more complications.} Qxb4 35. axb4 Rc7 36. Rc5 Re6 37. Rhc1) 34... Qxb4 35. Rxb4 $11 {[%mdl 4096] Endgame KRR-KRR} Re6 36. Kb2 Rf6 37. Kc1 Rc7 38. Rxc7 Kxc7 {KR-KR} 39. Rc4+ Kb6 40. Rc2 Ka5 41. Kb2 Kb4 42. a3+ Ka4 43. Rc4+ Ka5 44. Rc2 Ka4 45. Rc4+ Kb5 46. Rc2 a5 {[%cal Ba6a5,Ba5a4][%mdl 32]} 47. Kb3 a4+ 48. Kb2 b6 49. Kc1 Rf5 50. Kb2 Ka5 51. Ka2 Ka6 52. Rd2 Kb7 53. Rc2 Kb8 54. Kb2 Rb5+ 55. Ka2 Kb7 56. Rb2 Rd5 57. Rc2 Rf5 58. Kb1 f6 59. Kb2 Rb5+ 60. Ka2 Rb3 61. Rd2 Kc7 62. Rc2+ Kb7 63. Rd2 f5 64. Rd1 Kc6 65. Rc1+ Kb7 66. Rd1 Ka6 67. Rd2 b5 68. Rd1 Kb6 69. Rd2 Ka6 70. Rd1 Rd3 71. Rb1 Kb6 72. Rb2 Rd1 73. Rb1 Rd2+ 74. Rb2 Rd3 75. Rb1 Ka5 76. Rb2 Rc3 77. Rb1 Kb6 78. Rb2 Kc6 79. Rb1 Rd3 80. Rb2 {Accuracy: White = 77%, Black = 68%.} 1/2-1/2

[Event "Lozovatsky Memorial-B 2020"]
[Site "Chelyabinsk"]
[Date "2020.01.20"]
[Round "6.7"]
[White "Simantsev, Mikhail"]
[Black "Tsvetkov, Pavel"]
[Result "0-1"]
[WhiteElo "2370"]
[BlackElo "2190"]
[Annotator "TA"]
[PlyCount "76"]
[EventDate "2020.01.15"]
[EventType "tourn"]
[EventCountry "RUS"]
[SourceTitle "playchess.com"]
[Source "ChessBase"]
[SourceQuality "1"]

{[%evp 16,76,59,35,139,35,58,72,72,68,53,54,69,71,70,47,35,39,31,33,51,54,49,52,57,59,114,85,143,138,170,111,110,116,114,114,153,122,176,170,178,141,184,37,134,-81,-80,-81,-66,-309,-301,-382,-262,-244,-227,-656,-61,-453,-466,-1378,-1311,-1321,-1264]} 1. d4 d5 2. c4 dxc4 3. Nf3 a6 4. e3 Bg4 5. Bxc4 e6 6. h3 Bh5 7. Nc3 Nf6 8. g4 Bg6 9. Ne5 c6 {[#] D22: Queen's Gambit Accepted: 3 Nf3 a6 4 e3} (9... Nbd7 $14) (9... Nbd7 10. Nxg6 hxg6 11. Qf3 c6 12. Bb3 Qb6 13. Bd2 Be7 14. O-O-O Nd5 15. Kb1 Rf8 16. Ne2 a5 17. e4 Nb4 18. a3 a4 19. Bc4 {1-0 (40) Vitiugov,N (2719)-Zubritskiy,A (2442) St Petersburg 2018}) 10. Qb3 $146 (10. h4 $1 $16) ({Predecessor:} 10. Nxg6 hxg6 11. Bf1 Nbd7 12. Bg2 Qc7 13. Bd2 Bd6 14. Rc1 g5 15. h4 gxh4 16. g5 Nd5 17. g6 N7f6 18. Qc2 fxg6 19. Qxg6+ Qf7 20. Qxf7+ Kxf7 {0-1 (49) Moranda,W (2568)-Mickiewicz,P (2373) Warsaw 2011}) 10... Qc7 11. h4 Nbd7 {White is better.} 12. Nxd7 Qxd7 13. h5 Be4 $1 {[%cal Re4h1]} 14. Nxe4 Nxe4 15. Qc2 Bb4+ 16. Ke2 Nd6 17. Bd3 c5 18. a3 {[%cal Ba2a3,Ba3a4][%mdl 32]} c4 19. Bxh7 Ba5 20. Be4 Rc8 (20... O-O-O $14) 21. Bf3 $16 Qb5 (21... O-O $142) 22. a4 Qd7 23. Bd2 ({Better is} 23. e4 $18) 23... Bxd2 24. Qxd2 O-O 25. Qa5 b5 26. axb5 axb5 (26... Nxb5 $16 27. h6 (27. Qxa6 Rb8 $18) 27... g6 28. h7+ (28. Qxa6 Kh7 $16) 28... Kh8 29. Qxa6 c3 30. bxc3 Nxc3+ 31. Kf1 Nd5) 27. Qb6 $18 Rc7 28. Ra6 Rd8 29. Qa5 ({White should play} 29. Rha1 $18) 29... e5 (29... c3 $1 $14 30. Rc6 (30. bxc3 e5 $16) 30... Rdc8 31. Rxc7 (31. Rxc3 Rxc3 32. bxc3 e5 $16) 31... Qxc7 32. Qxc7 Rxc7) 30. Rg1 $2 (30. dxe5 $16 {is forced if you want to stay better.} Nb7 31. Bxb7 Rxb7 32. f3 Qd3+ 33. Kf2) 30... exd4 $17 31. exd4 Nb7 32. Qb6 $2 {[#]} (32. Qc3 $15) 32... Nc5 $1 $19 {[%cal Rc5a6][%mdl 512]} 33. Ra2 {[#]} (33. dxc5 Qd3+) 33... Qxd4 $1 {[%mdl 512] ( -> ...Qd3+)} 34. Kf1 Qe5 {...Qh2 is the strong threat.} 35. Qxb5 $2 {[#]} (35. Kg2 Ne6 36. Qe3 Nf4+ 37. Kh2) 35... Qf4 $2 $40 {[%mdl 128] White needs to defend precisely.} ({Less strong is} 35... Qd4 36. Kg2 $15) (35... Qh2 $1 $19 {[%cal Rh2h3] Threatens to win with ...Qh3+.} 36. Rg3 Nd3) 36. Kg2 $2 {[%mdl 8192]} ({Much worse is} 36. Ra8 Rxa8 37. Bxa8 Rd7 $19) ({Only move:} 36. Ra3 $1 $15) 36... Rd3 {Black is clearly winning.} 37. Qe8+ (37. Bd1 $142 Rc8 38. Ra1) 37... Kh7 38. Qe2 {[#]} Re7 $1 {[%mdl 512] Accuracy: White = 40%, Black = 34%.} 0-1